| 000 | nam a22 7a 4500 | ||
|---|---|---|---|
| 999 |
_c15708 _d15708 |
||
| 008 | 161103b xxu||||| |||| 00| 0 eng d | ||
| 020 | _a933202242 | ||
| 050 | _aNC 1479 .G83 2007 | ||
| 100 |
_aKings,Kartoon. _d2007 |
||
| 245 | _aThe graphic work of simon Grnnan and Christopher Sperandio. | ||
| 260 |
_aSingapore: _bWest Virginia press, _c2007. |
||
| 300 | _a143. | ||
| 942 |
_2lcc _cBOOKS _hNC 1479 .G83 2007 |
||